| 000 | 02894nam a22003733i 4500 | ||
|---|---|---|---|
| 001 | EBC31060516 | ||
| 003 | MiAaPQ | ||
| 005 | 20240528111509.0 | ||
| 007 | cr cnu|||||||| | ||
| 008 | 240528s2024 xx o ||||0 eng d | ||
| 020 |
_a9781040046128 _q(electronic bk.) |
||
| 020 | _z9781032373935 | ||
| 040 |
_aMiAaPQ _beng _cMiAaPQ |
||
| 100 | 1 |
_aVarley, Karine. _957678 |
|
| 245 | 1 | 4 |
_aThe Franco-Prussian War : _bTurning-Points in European Experiences and Perceptions of Military Conflict. |
| 250 | _a1st ed. | ||
| 264 | 1 |
_aOxford : _bTaylor & Francis Group, _c2024. |
|
| 264 | 4 | _c©2024. | |
| 300 | _a1 online resource (204 pages) | ||
| 336 |
_aText _btxt _2rdacontent |
||
| 337 |
_aComputermedien _bc _2rdamedia |
||
| 338 |
_aOnline Resource _bcr _2rdacarrier |
||
| 490 | 1 | _aRoutledge Studies in the Modern History of France Series | |
| 500 | _aE-Book-ProQuest / Fernzugriff nach Registrierung möglich | ||
| 505 | 0 | _aCover -- Half Title -- Series -- Title -- Copyright -- Contents -- List of contributors -- Introduction -- Part 1 Military and diplomatic repercussions -- 1 Tactics, learning and the civil-military interface in Europe, 1870-1875 -- 2 The legacy of the Franco-Prussian War on Belgian neutrality -- 3 The Franco-Prussian War and the Ottoman adoption of Realpolitik -- 4 Political discourses between militarism and pacifism in th -- Part 2 Nationalism and race -- 5 The impact of the war on definitions of the nation in France and Germany -- 6 Historiographical nationalism as a legacy of the Franco-Prussian War -- 7 Racist responses to the national calamity -- Part 3 Perceptions and memories -- 8 Uninvolved and fascinated battlefield tourists in the Franco-Prussian War -- 9 Journalists, artists and writers as Schlachtenbummler on the battlefields of 1870-71 -- 10 Map representations of the war of 1870-71 in German school textbooks -- Part 4 Cultural representations -- 11 Losing the war and losing heart in the fiction of the defeat -- 12 The reception of French 1870-71 war literature in Britain -- 13 The war of 1870-71 as a digital event on Twitter and YouTube -- Select bibliography -- Index. | |
| 520 | _aThe Franco-Prussian War of 1870-71 has traditionally been seen as a limited conflict between French and German forces. This edited volume challenges this view and shows that it was a war of ideas, values and perceptions which transformed the political, diplomatic, and military culture across Europe. | ||
| 655 |
_aFernzugriff _9230 |
||
| 655 | 4 | _aElectronic books. | |
| 776 | 0 | 8 |
_iPrint version: _aVarley, Karine _tThe Franco-Prussian War _dOxford : Taylor & Francis Group,c2024 _z9781032373935 |
| 830 | 0 |
_aRoutledge Studies in the Modern History of France Series _958491 |
|
| 856 | 4 | 0 |
_uhttps://ebookcentral.proquest.com/lib/maxweberstiftung-ebooks/detail.action?docID=31060516 _zVolltext |
| 942 | _cEB | ||
| 999 |
_c71194 _d71194 |
||